00345nam a22001217a 4500008004100000020001500041050002800056100001900084245005900103250001200162260003600174300001300210201111b xxu||||| |||| 00| 0 eng d a1981403769 aBS2330.2b.N49 2018 c.1 aNewman, Willis aNew Testament Survey bin outline form cWillis Newman a4th ed. aUSAbNewman Internationalc2018 aiv, 147p